01131nam a22002177a 4500008004100000020001800041050002800059100004100087245010300128250001100231260004100242300003800283336001000321337001500331338001200346500007000358505038100428650003100809650004200840650003100882120625s2013 mx a 001 0 spa d a9786074483420 4aHF5549.5.R44 bG72 2013 aGarrido Landívar, Emilioe, autor.10aReclutamiento, selección, contratación e inducción del personal /cJaime A. Grados Espinosa. a4a ed.3 aMéxico : bManual Moderno, c2013. axii, 367 páginas. bil. b y n;  aTexto aSin medios aVolumen aIncluye bibliografía (p. 355-357) Incluye índice (p. 359-367)1 aOrganización Iniciativa privada Sector público Cooperativismo Ley federal del trabajo Análisis de puestos Valuación de puestos Reclutamiento de personal Selección de personal Estructura de un centro de evaluación Selección por objetivos Integración de baterías psicológicas Inducción de personal Evaluación del reclutamiento y selección de personal.14aRECLUTAMIENTO DE EMPLEADOS24aEMPLEADOSx SELECCION Y NOMBRAMIENTO.24aORIENTACION PARA EMPLEADOS